000 00496 a2200169 4500
003 Nust
005 20230224115549.0
020 _a0140206566
040 _cNust
082 _a153.93,EYS
100 _aH.J.Eysenck
_9109559
245 _aCheck your Own I.Q. /
_cH.J. Eysenck
260 _aAmerica
_bAmerica
_cH.J.Eysenck C 1966
300 _a190,p.;
505 _aIntroduction / Questions (Page-7), Answers and Explanations (Page-172), Transforming Scores into IQs (Page-190).
942 _2ddc
_cBK
999 _c193740
_d193740